LEADER 01210nam0-22003731i-450- 001 990001242030403321 005 20120626135249.0 035 $a000124203 035 $aFED01000124203 035 $a(Aleph)000124203FED01 035 $a000124203 100 $a20120626d1966----km-y0itay50------ba 101 0 $aeng 102 $aUS 200 1 $aNumerical solution of partial differential equations$eproceedings of a symposium held at the University of Maryland, College Park, Maryland, May 3-8, 1965$fedited by James H. Bramble 210 $aNew York [etc.]$cAcademic Press$d1966 215 $aXIV, 373 p.$d24 cm 610 0 $aEquazioni differenziali alle derivate parziali 610 0 $aEquazioni differenziali ed integrali 610 0 $aEquazioni differenziali e integro-differenziali 676 $a519 676 $a517.37 702 1$aBramble,$bJames H. 801 0$aIT$bUNINA$gRICA$2UNIMARC 901 $aBK 912 $a990001242030403321 952 $a201-D-6-DX$b8413$fMA1 952 $aMX-B-78$b732$fMAS 952 $a15-074$b1981 F.S.$fFI1 959 $aMA1 959 $aMAS 959 $aFI1 996 $aNumerical solution of partial differential equations$9381390 997 $aUNINA LEADER 02702nam 2200625Ia 450 001 9910484022103321 005 20200520144314.0 010 $a9786613569592 010 $a9781280391675 010 $a1280391677 010 $a9783642113390 010 $a3642113397 024 7 $a10.1007/978-3-642-11339-0 035 $a(CKB)2670000000010111 035 $a(SSID)ssj0000450004 035 $a(PQKBManifestationID)11311251 035 $a(PQKBTitleCode)TC0000450004 035 $a(PQKBWorkID)10434053 035 $a(PQKB)10748936 035 $a(DE-He213)978-3-642-11339-0 035 $a(MiAaPQ)EBC3065088 035 $a(PPN)149078625 035 $a(EXLCZ)992670000000010111 100 $a20100126d2010 uy 0 101 0 $aeng 135 $aurnn|008mamaa 181 $ctxt 182 $cc 183 $acr 200 10$aNonlinear optimization $electures given at the C.I.M.E. Summer School held in Cetraro, Italy, July 1-7, 2007 /$fby Immanuel M. Bomze ... [et al.] 205 $a1st ed. 2010. 210 $aBerlin ;$aLondon $cSpringer$d2010 215 $a1 online resource (XIII, 279 p.) 225 1 $aLecture notes in mathematics ;$v1989 300 $aBibliographic Level Mode of Issuance: Monograph 311 08$a9783642113383 311 08$a3642113389 320 $aIncludes bibliographical references. 327 $aGlobal Optimization: A Quadratic Programming Perspective -- Nonsmooth Optimization -- The Sequential Quadratic Programming Method -- Interior Point Methods for Nonlinear Optimization. 330 $aThis volume presents recent advances in continuous optimization; it is authored by four well-known experts in the field and presents classical as well as advanced material on currently active research areas, such as: the family of Sequential Quadratic Programming methods for local constrained optimization, the study of Global Optimization by means of (non-convex) standard quadratic problems, Nonsmooth Optimization, and recent advances in Interior Point Methods for nonlinear optimization. The book is intended as a reference work for advanced research in the field of optimization theory and methods. 410 0$aLecture notes in mathematics (Springer-Verlag) ;$v1989. 606 $aMathematical optimization$vCongresses 606 $aNonlinear theories$vCongresses 615 0$aMathematical optimization 615 0$aNonlinear theories 676 $a518 701 $aBomze$b Immanuel M.$f1958-$059345 712 12$aC.I.M.E. Summer School 801 0$bMiAaPQ 801 1$bMiAaPQ 801 2$bMiAaPQ 906 $aBOOK 912 $a9910484022103321 996 $aNonlinear optimization$9261778 997 $aUNINA